000 00293nam a2200121Ia 4500
005 20251222144717.0
008 251222s9999||||xx |||||||||||||| ||spa||
082 _a510.332/A43
100 _aAllen Murrugarra, Aníbal
245 0 _aMatemática Financiera
264 _bSan Marcos
942 _cLIB
999 _c18045
_d18045